| 000 | 00682nam a2200193Ia 4500 | ||
|---|---|---|---|
| 005 | 20230601115945.0 | ||
| 008 | 131103s9999 xx 000 0 und d | ||
| 020 |
_a761934634 _cRs 320 |
||
| 040 | _aLoreto College | ||
| 041 | _aEnglish | ||
| 082 |
_a333.7 _bVER |
||
| 245 |
_aSocial and Gender analysis in natural resource management _b Learning studies and lessons from Asia _cEdited by Ronnie Vernooy |
||
| 260 |
_aBeijing, Ottawa, New Delhi _bChina Agriculture Press; International Development Research Centre; Sage Publications _c2006 |
||
| 300 |
_a250p _b ill, graphs |
||
| 504 | _aIncludes index | ||
| 650 | _aNatural Resource Management | ||
| 850 | _aLCLIB | ||
| 942 | _cBK | ||
| 999 |
_c19979 _d70458 |
||